|
|
|
|
| LEADER |
01286nam a2200313 a 4500 |
| 001 |
000372081 |
| 003 |
CZ BrMZK |
| 005 |
20230502133856.0 |
| 008 |
980115s1998 xr f eng d |
| 015 |
|
|
|a cnb000650681
|
| 020 |
|
|
|a 80-214-1244-5
|
| 035 |
|
|
|a (OCoLC)45371881
|
| 040 |
|
|
|a BOA001
|b cze
|
| 072 |
|
7 |
|a 504
|x Znečištění a poškození životního prostředí
|2 Konspekt
|9 2
|
| 080 |
|
|
|a 614.7
|2 MRF
|
| 080 |
|
|
|a 504.5
|2 MRF
|
| 080 |
|
|
|a (062.534)
|2 MRF
|
| 245 |
0 |
0 |
|a Chemical and biological agents: Detection and decontamination :
|b third international workshop : 4-7 November 1998 Brno, Czech Republic : abstracts of papers /
|c editors Jiří Matoušek, Krishna S. Rajan.
|
| 260 |
|
|
|a Brno :
|b Vysoké učení technické,
|c 1998
|
| 300 |
|
|
|a 25 s. ;
|c 21 cm
|
| 650 |
0 |
7 |
|a kontaminanty
|7 ph114973
|2 czenas
|
| 650 |
0 |
7 |
|a znečištění životního prostředí
|7 ph135331
|2 czenas
|
| 655 |
|
7 |
|a sborníky konferencí
|7 fd133333
|2 czenas
|
| 700 |
1 |
|
|a Rajan, Krishna S.
|4 edt
|
| 700 |
1 |
|
|a Matoušek, Jiří,
|d 1930-2011
|7 jn20000401751
|4 edt
|
| 710 |
2 |
|
|a Vysoké učení technické v Brně.
|b Chemická fakulta
|7 kn20010709421
|
| 910 |
|
|
|a BOA001
|b X-1052.125
|
| 990 |
|
|
|a BK
|
| 996 |
7 |
|
|b 2610082005
|c X-1052.125
|l MZK
|r Sklad / do 24 hodin
|n 6
|p p.v.
|w 000372081
|u 000010
|a 1
|e BOA001
|j MZK50
|s A
|